000 00832nam a2200253Ia 4500
003 OSt
005 20220930064732.0
006 a|||||r|||| 00| 0
007 ta
008 220926b |||||||| |||| 00| 0 eng d
024 _a4640
037 _cTheses
040 _aCRL
_cCRL
_beng
041 _2eng
_aeng
100 _aHarpreet Singh
_9391423
110 _aUniversity of Delhi. Faculty of Medical Science. Department of Radiotherapy
_9520749
245 0 _aStudy to assess the effect of thoracic irradiation on the cardiovascular system
260 _c1988
650 _aRADIOTHERAPY
_9520405
700 _a Dr J P Gupta Supervisor
700 _aUniversity of Delhi. Faculty of Medical Science. Department of Radiotherapy
_9520751
942 _cDIS
_2CC
999 _c858605
_d858605